| 000 | 00358nam a2200145Ia 4500 | ||
|---|---|---|---|
| 008 | 150201s2011 xx 000 0 und d | ||
| 082 |
_a610 _bB11K |
||
| 100 | _aKUNDU, A.K. | ||
| 245 | _aBEDSIDE CLINICS IN MEDICINE | ||
| 250 | _a6TH | ||
| 260 |
_bACADEMIC PUB. _aKOLKOTA _c2011 |
||
| 300 | _a1-502 | ||
| 650 | _aMEDICINE AND DIAGNOSIS | ||
| 942 |
_2ddc _cBK _029 |
||
| 999 |
_c1257 _d1257 |
||